[Event "17th Unive op"]
[Site "Hoogeveen NED"]
[Date "2013.10.25"]
[Round "8.32"]
[White "Smeets, Pierre"]
[Black "Lecomte, Robin"]
[Result "0-1"]
[WhiteElo "2076"]
[BlackElo "2040"]
[EventDate "2013.10.18"]
[PlyCount "60"]

1.d4 Nf6 2.Nf3 g6 3.Bg5 Bg7 4.Nbd2 O-O 5.c3 d5 6.e3 Nbd7 7.Bd3 Re8 8.O-O 
e5 9.e4 exd4 10.cxd4 dxe4 11.Nxe4 h6 12.Qb3 Re6 13.Bh4 g5 14.Nexg5 hxg5 
15.Nxg5 Nf8 16.Bc4 Qxd4 17.Nxe6 Nxe6 18.Bxe6 Bxe6 19.Bxf6 Bxf6 20.Qxb7 Rc8
21.Rad1 Qxb2 22.Qxa7 Qxa2 23.Qe3 c5 24.Qf4 Bg7 25.Rd3 Qc4 26.Qg3 Qg4 27.
Qd6 Bc4 28.Rg3 Qd4 29.Rd1 Qxd6 30.Rxd6 Be6 0-1

[Event "17th Unive op"]
[Site "Hoogeveen NED"]
[Date "2013.10.25"]
[Round "8.33"]
[White "Van Wageningen, Arie"]
[Black "Vos, Tjark"]
[Result "0-1"]
[WhiteElo "2036"]
[BlackElo "2097"]
[EventDate "2013.10.18"]
[PlyCount "106"]

1.Nf3 Nf6 2.c4 g6 3.Nc3 Bg7 4.e4 d6 5.d4 O-O 6.g3 Bg4 7.Bg2 c5 8.d5 Nbd7 
9.h3 Bxf3 10.Bxf3 a6 11.O-O Ne8 12.Bg5 b5 13.cxb5 axb5 14.Nxb5 Bxb2 15.Rb1
Bg7 16.Qc2 h6 17.Bd2 Nc7 18.a4 Na6 19.Rfd1 Kh7 20.Be2 Qc8 21.Kg2 Nf6 22.
Bf3 Qd7 23.Rdc1 Rfc8 24.Qb3 Qd8 25.Bc3 c4 26.Qd1 Nc5 27.Bxf6 Bxf6 28.Rxc4 
Qa5 29.Nd4 Nxa4 30.Rxc8 Rxc8 31.Nc6 Qa6 32.Rb4 Nc5 33.Qb1 Nd3 34.Rb7 Ne1+ 
35.Qxe1 Qxb7 36.e5 dxe5 37.Nxe5 Qb2 38.Nc6 Qa3 39.h4 h5 40.Qe2 Kg7 41.Be4 
Qd6 42.Qa6 Rh8 43.Qa7 Rc8 44.Qa4 Rc7 45.Qa8 Qd7 46.Bf3 Qc8 47.Qa5 Rb7 48.
Qa6 Qc7 49.Qa3 Rb2 50.Qe3 Qd6 51.Be4 Ra2 52.Qb6 Qa3 53.Qc7 Qe3 0-1

[Event "17th Unive op"]
[Site "Hoogeveen NED"]
[Date "2013.10.25"]
[Round "8.34"]
[White "Cebula, Jerzy"]
[Black "Slingerland, Caroline"]
[Result "1-0"]
[WhiteElo "2001"]
[BlackElo "2084"]
[EventDate "2013.10.18"]
[PlyCount "153"]

1.e4 c5 2.Nf3 Nc6 3.d4 cxd4 4.Nxd4 e5 5.Nb5 d6 6.Bc4 a6 7.N5c3 Nf6 8.Bg5 
Be7 9.Bxf6 Bxf6 10.O-O Be6 11.Bb3 O-O 12.Nd5 Bg5 13.Nbc3 Kh8 14.Ne3 Rc8 
15.Ncd5 g6 16.Kh1 Bh6 17.c3 Na5 18.f4 Nxb3 19.axb3 f6 20.f5 Bd7 21.fxg6 
hxg6 22.Ng4 Bg7 23.Qf3 f5 24.Qh3+ Kg8 25.Nh6+ Bxh6 26.Qxh6 Qe8 27.Rf3 f4 
28.Rg1 Qe6 29.Rh3 Kf7 30.Qh7+ Ke8 31.Rh6 Qf7 32.Qxg6 Qxg6 33.Rxg6 Rc6 34.
Rf1 Kd8 35.Rf2 Be8 36.Rh6 Rg8 37.Rd2 Bg6 38.Nf6 Rg7 39.Rh8+ Ke7 40.Nd5+ 
Ke6 41.Rh6 Kf7 42.Re2 Rc5 43.Nb6 Rc6 44.Nc4 b5 45.Nd2 Rh7 46.Rxh7+ Bxh7 
47.g3 Kf6 48.Kg2 Rc7 49.gxf4 exf4 50.Kf3 Rg7 51.Kxf4 Rg1 52.Ke3 Ke6 53.Nf3
Rg4 54.Nd4+ Ke5 55.Nc6+ Ke6 56.Kf3 Rh4 57.Kg3 Rxe4 58.Rxe4+ Bxe4 59.Nd4+ 
Kd5 60.Kf4 Bh7 61.b4 Kc4 62.Ke3 Kd5 63.h4 Bg6 64.Ne2 Kc4 65.Nf4 Bh7 66.Kd2
Kb3 67.Kc1 Kc4 68.h5 d5 69.Ne6 Kd3 70.h6 Bf5 71.Nc5+ Kc4 72.Nxa6 d4 73.Kd2
Bh7 74.Nc5 Kd5 75.Nd7 dxc3+ 76.bxc3 Kd6 77.Nf6 1-0

[Event "17th Unive op"]
[Site "Hoogeveen NED"]
[Date "2013.10.25"]
[Round "8.35"]
[White "Dijkhuis, Sven"]
[Black "Algera, Simon"]
[Result "1-0"]
[WhiteElo "1921"]
[BlackElo "2108"]
[EventDate "2013.10.18"]
[PlyCount "81"]

1.e4 c6 2.d4 d5 3.e5 e6 4.Bd3 b6 5.f4 Ba6 6.Bxa6 Nxa6 7.c3 Nc7 8.Nf3 Nh6 
9.h3 Be7 10.g4 O-O 11.Qd3 Kh8 12.Be3 c5 13.Nbd2 cxd4 14.cxd4 Qd7 15.Rc1 a5
16.Kf2 Na6 17.a3 b5 18.Rcg1 b4 19.h4 bxa3 20.bxa3 Ng8 21.h5 f6 22.exf6 
gxf6 23.g5 fxg5 24.Ne5 Qe8 25.Ng6+ Kg7 26.Nxf8 Qxf8 27.Ke2 Kh8 28.fxg5 Qf5
29.Qxf5 exf5 30.Bf4 Kg7 31.Be5+ Kf8 32.g6 hxg6 33.h6 Nf6 34.h7 Kg7 35.
h8=Q+ Rxh8 36.Rxh8 Kxh8 37.Bxf6+ Bxf6 38.Rxg6 Bxd4 39.Rxa6 Bc3 40.Kd3 d4 
41.Rf6 1-0

[Event "17th Unive op"]
[Site "Hoogeveen NED"]
[Date "2013.10.25"]
[Round "8.36"]
[White "Hummel, Paul"]
[Black "Martinello, Christian"]
[Result "1-0"]
[WhiteElo "2023"]
[BlackElo "2163"]
[EventDate "2013.10.18"]
[PlyCount "58"]

1.Nf3 Nf6 2.d4 d5 3.g3 e6 4.Bg2 c6 5.O-O Bd6 6.c4 O-O 7.Nc3 Nbd7 8.Qc2 a6 
9.b3 dxc4 10.bxc4 c5 11.d5 exd5 12.Nxd5 Nxd5 13.cxd5 Nf6 14.e4 Bg4 15.Nd2 
b5 16.Bb2 Re8 17.f4 c4 18.Rae1 Rc8 19.Bd4 Bb4 20.h3 Bd7 21.Kh2 Qa5 22.Rd1 
Bxd2 23.Rxd2 Nxe4 24.Bxe4 Rxe4 25.Bc3 b4 26.Qxe4 bxc3 27.Rc2 Re8 28.Qd4 
Bf5 29.Qxc3 Re2+ 1-0

[Event "17th Unive op"]
[Site "Hoogeveen NED"]
[Date "2013.10.26"]
[Round "9.5"]
[White "Pancevski, Filip"]
[Black "Van Kooten, Luuk"]
[Result "0-1"]
[WhiteElo "2493"]
[BlackElo "2375"]
[EventDate "2013.10.18"]
[PlyCount "90"]

1.e4 c5 2.Nf3 e6 3.g3 d5 4.exd5 exd5 5.d4 Nc6 6.Bg2 Bg4 7.O-O cxd4 8.Nbd2 
Nf6 9.Nb3 Be7 10.h3 Bxf3 11.Bxf3 Qb6 12.a4 a5 13.Qe2 O-O 14.Qb5 Qxb5 15.
axb5 a4 16.bxc6 axb3 17.Rxa8 Rxa8 18.cxb7 Rb8 19.Bf4 Rxb7 20.Rc1 bxc2 21.
Rxc2 h6 22.Be5 d3 23.Rc3 d2 24.Rd3 Bb4 25.Bf4 Ra7 26.Bxd2 Ra1+ 27.Kg2 Bxd2
28.Rxd2 Rb1 29.Be2 Kf8 30.Bd3 Ra1 31.Re2 Rd1 32.Bc2 Rd4 33.Kf3 Rb4 34.Bd1 
Rd4 35.Bc2 Rb4 36.Bd1 Rd4 37.Bc2 Rb4 38.Bb1 Rb3+ 39.Kf4 Nd7 40.h4 Rb4+ 41.
Ke3 Ne5 42.Rc2 Re4+ 43.Kd2 Nf3+ 44.Kc3 Rc4+ 45.Kd3 Ne1+ 0-1

[Event "17th Unive op"]
[Site "Hoogeveen NED"]
[Date "2013.10.26"]
[Round "9.10"]
[White "Lopez, Jasel"]
[Black "Rooze, Jan"]
[Result "1-0"]
[WhiteElo "2130"]
[BlackElo "2355"]
[EventDate "2013.10.18"]
[PlyCount "65"]

1.d4 Nf6 2.c4 c5 3.d5 e6 4.Nc3 exd5 5.cxd5 d6 6.Nf3 g6 7.h3 Bg7 8.Bf4 O-O 
9.e3 Na6 10.Be2 Nc7 11.O-O b5 12.Nxb5 Nxb5 13.Bxb5 Rb8 14.Bc4 Rxb2 15.Rb1 
Rb6 16.Nd2 Rxb1 17.Qxb1 Qc7 18.Qb5 Bb7 19.Bxd6 Qxd6 20.Qxb7 Rb8 21.Qxa7 
Rb2 22.Rd1 Bh6 23.Qa8+ Kg7 24.Qa3 Rb4 25.Rb1 g5 26.Rxb4 cxb4 27.Qb2 Kg8 
28.Nf3 g4 29.hxg4 Nxg4 30.Qd4 f5 31.Qa7 Bf8 32.Qb7 f4 33.Qc8 1-0

[Event "17th Unive op"]
[Site "Hoogeveen NED"]
[Date "2013.10.26"]
[Round "9.11"]
[White "Wagner, Dennis"]
[Black "Hulshof, Peter"]
[Result "1-0"]
[WhiteElo "2481"]
[BlackElo "2206"]
[EventDate "2013.10.18"]
[PlyCount "89"]

1.d4 g6 2.c4 Bg7 3.e4 c6 4.Nc3 d6 5.Be2 Nf6 6.Nf3 Bg4 7.Be3 O-O 8.h3 Bxf3 
9.Bxf3 Nbd7 10.g4 c5 11.d5 a6 12.a4 Qb6 13.Ra3 e6 14.Rb3 Qc7 15.g5 Ne8 16.
dxe6 fxe6 17.Bg4 Bxc3+ 18.Rxc3 Ng7 19.O-O Ne5 20.f4 Nxg4 21.hxg4 Rad8 22.
b3 Qc6 23.Qf3 b6 24.Rc2 d5 25.exd5 exd5 26.Rd2 Rf7 27.Rfd1 Qe8 28.Rxd5 
Rxd5 29.cxd5 Re7 30.Bf2 Qd7 31.a5 bxa5 32.Bxc5 Rf7 33.Rc1 Ne8 34.Re1 Nc7 
35.Re5 Qc8 36.f5 gxf5 37.gxf5 Nb5 38.Qe3 Nc7 39.d6 Rxf5 40.dxc7 Rxe5 41.
Qxe5 Qd7 42.Bd4 Qg4+ 43.Kf2 Qh4+ 44.Ke2 Qg4+ 45.Kd2 1-0

[Event "17th Unive op"]
[Site "Hoogeveen NED"]
[Date "2013.10.26"]
[Round "9.12"]
[White "Baskin, Robert"]
[Black "Berkovich, Mark A"]
[Result "0-1"]
[WhiteElo "2179"]
[BlackElo "2372"]
[EventDate "2013.10.18"]
[PlyCount "120"]

1.e4 c5 2.Nf3 Nc6 3.d4 cxd4 4.Nxd4 e5 5.Nb5 d6 6.c4 Be7 7.N1c3 a6 8.Na3 
Be6 9.Bd3 Nf6 10.O-O O-O 11.Nc2 Nd7 12.Be2 Rc8 13.b3 Nc5 14.b4 Nd7 15.Bb2 
Nb6 16.Nd5 Na4 17.Rb1 Nxb2 18.Rxb2 Bg5 19.g3 g6 20.Qd3 f5 21.Bf3 Ne7 22.
Nce3 Kh8 23.Nxe7 Qxe7 24.Nd5 Qf7 25.Bg2 Rc6 26.Rd1 Rfc8 27.Bf1 Rxc4 28.
Qxc4 Rxc4 29.Bxc4 fxe4 30.Bb3 Qf3 31.Re1 Qf7 32.Nc3 d5 33.Rd1 Qf3 34.Nxd5 
Bxd5 35.Rxd5 e3 36.Rxe5 exf2+ 37.Rxf2 Be3 38.Rxe3 Qxe3 39.Kf1 Qe4 40.Rf8+ 
Kg7 41.Rf7+ Kh6 42.h4 Qxb4 43.Kg2 a5 44.Kh3 Qe4 45.g4 Qh1+ 46.Kg3 Qe1+ 47.
Kh3 Qe3+ 48.Kg2 Qd2+ 49.Kf3 Qd3+ 50.Kf4 Qf1+ 51.Kg3 Qe1+ 52.Kh3 Qc3+ 53.
Kg2 g5 54.h5 a4 55.Rf3 Qb2+ 56.Kh3 axb3 57.axb3 Qe2 58.Kg3 Qe4 59.Rf2 Qh1 
60.Rg2 Qb1 0-1

[Event "17th Unive op"]
[Site "Hoogeveen NED"]
[Date "2013.10.26"]
[Round "9.13"]
[White "Schroeder, Jan Christian"]
[Black "Kollen, Zyon"]
[Result "1-0"]
[WhiteElo "2370"]
[BlackElo "2188"]
[EventDate "2013.10.18"]
[PlyCount "51"]

1.e4 e6 2.d4 d5 3.e5 c5 4.c3 Nc6 5.Nf3 Nh6 6.Bd3 cxd4 7.cxd4 Nf5 8.Bxf5 
exf5 9.O-O Be6 10.Be3 Be7 11.Qd2 h6 12.Ne1 Qb6 13.Nd3 O-O-O 14.Nc3 Kb8 15.
Na4 Qa5 16.Qd1 Rc8 17.Nac5 Bxc5 18.Nxc5 b6 19.Nd3 Qa6 20.b4 Qc4 21.a3 Nxd4
22.Rc1 Nc2 23.Bc5 bxc5 24.Rxc2 Qb3 25.Nxc5 Qxa3 26.Qd4 1-0

[Event "17th Unive op"]
[Site "Hoogeveen NED"]
[Date "2013.10.26"]
[Round "9.16"]
[White "Englert, Fabian"]
[Black "Van Foreest, Jorden"]
[Result "0-1"]
[WhiteElo "2290"]
[BlackElo "2310"]
[EventDate "2013.10.18"]
[PlyCount "56"]

1.d4 Nf6 2.c4 e6 3.Nc3 Bb4 4.a3 Bxc3+ 5.bxc3 O-O 6.e3 b6 7.Bd3 d6 8.Ne2 e5
9.e4 Re8 10.O-O exd4 11.cxd4 Nxe4 12.Ng3 d5 13.Qc2 Nc6 14.cxd5 Nxg3 15.
hxg3 Qxd5 16.Bc4 Qd7 17.Bb2 Bb7 18.Qc3 Na5 19.d5 f6 20.Ba2 Bxd5 21.Rad1 c6
22.Rxd5 cxd5 23.Rd1 Kh8 24.Rxd5 Qe7 25.Qf3 Rac8 26.Rh5 Rc5 27.Rh6 Qe2 28.
Bxf6 Qxf3 0-1

[Event "17th Unive op"]
[Site "Hoogeveen NED"]
[Date "2013.10.26"]
[Round "9.17"]
[White "Slingerland, Fred"]
[Black "Vogel, Jaap"]
[Result "1/2-1/2"]
[WhiteElo "2345"]
[BlackElo "2180"]
[EventDate "2013.10.18"]
[PlyCount "58"]

1.e4 e6 2.d4 d5 3.Nc3 Bb4 4.e5 c5 5.Bd2 cxd4 6.Nb5 Bc5 7.b4 Bf8 8.Nxd4 Ne7
9.Ngf3 Nbc6 10.Bd3 g6 11.O-O Bg7 12.Qe2 Nxd4 13.Nxd4 O-O 14.Rfd1 Qc7 15.f4
Nf5 16.Nxf5 exf5 17.c4 Be6 18.Rac1 dxc4 19.Bxc4 Rfc8 20.Bxe6 Qb6+ 21.Be3 
Qxe6 22.Rxc8+ Rxc8 23.Bxa7 Bf8 24.a3 Rc3 25.Bc5 Bxc5+ 26.bxc5 Qc6 27.Kh1 
Rxc5 28.h4 Rc3 29.Kh2 Rc2 1/2-1/2

[Event "17th Unive op"]
[Site "Hoogeveen NED"]
[Date "2013.10.26"]
[Round "9.20"]
[White "Van Foreest, Lucas"]
[Black "Clemens, Adrian HP"]
[Result "0-1"]
[WhiteElo "2122"]
[BlackElo "2206"]
[EventDate "2013.10.18"]
[PlyCount "54"]

1.d4 Nf6 2.c4 c5 3.e3 g6 4.Nf3 Bg7 5.Nc3 O-O 6.d5 d6 7.h3 e6 8.Bd3 exd5 9.
cxd5 Re8 10.O-O Nbd7 11.e4 Nh5 12.Bd2 Ne5 13.Nxe5 Bxe5 14.f4 Bd4+ 15.Kh2 
a6 16.a4 b6 17.Rb1 Ra7 18.Ne2 Bg7 19.g4 Bxg4 20.hxg4 Qh4+ 21.Kg2 Qxg4+ 22.
Kh2 f5 23.exf5 Rae7 24.Rf2 Rxe2 25.Rxe2 Qg3+ 26.Kh1 Qh3+ 27.Kg1 Bd4+ 0-1

[Event "17th Unive op"]
[Site "Hoogeveen NED"]
[Date "2013.10.26"]
[Round "9.21"]
[White "Beerdsen, Thomas"]
[Black "Vistisen, Lars"]
[Result "1-0"]
[WhiteElo "2106"]
[BlackElo "2163"]
[EventDate "2013.10.18"]
[PlyCount "47"]

1.e4 e5 2.Nf3 Nc6 3.Bb5 f5 4.d4 fxe4 5.Nxe5 Nxe5 6.dxe5 c6 7.Nc3 Qe7 8.O-O
Qxe5 9.Nxe4 Nf6 10.Nxf6+ Qxf6 11.Re1+ Kf7 12.Re3 Kg8 13.Rf3 Qe5 14.Bf4 Qc5
15.Bd6 Bxd6 16.Bc4+ Qxc4 17.Qxd6 h6 18.Re1 Qxc2 19.Rg3 Qf5 20.Qd4 g5 21.
Rge3 Rh7 22.Re8+ Kf7 23.Qd6 Qf6 24.Rf8+ 1-0

[Event "17th Unive op"]
[Site "Hoogeveen NED"]
[Date "2013.10.26"]
[Round "9.22"]
[White "Den Hartog, Marijn"]
[Black "Van der Poel, Henk"]
[Result "1/2-1/2"]
[WhiteElo "1998"]
[BlackElo "2246"]
[EventDate "2013.10.18"]
[PlyCount "111"]

1.e4 c5 2.Nc3 e6 3.f4 Nc6 4.Nf3 d5 5.Bb5 Ne7 6.exd5 exd5 7.Qe2 g6 8.Bxc6+ 
bxc6 9.Qe5 Rg8 10.O-O Bg7 11.Qe2 Bg4 12.Re1 Qd6 13.b3 Kf8 14.Ba3 Re8 15.
Rab1 Bf6 16.h3 Bxf3 17.Qxf3 Kg7 18.Na4 Nf5 19.Bxc5 Bd4+ 20.Bxd4+ Nxd4 21.
Qc3 Qxf4 22.Nc5 Qf6 23.Qd3 Nf5 24.c3 Qh4 25.Re2 Qg3 26.Qxg3 Nxg3 27.Ree1 
f5 28.Kf2 Ne4+ 29.Nxe4 dxe4 30.d4 f4 31.g3 g5 32.Re2 Rgf8 33.Rbe1 e3+ 34.
Kf3 h5 35.gxf4 Rxf4+ 36.Kg3 Rfe4 37.Rf1 Kg6 38.Rf3 h4+ 39.Kg2 g4 40.hxg4 
Rxg4+ 41.Kh3 Rge4 42.Rf1 R8e6 43.Rf3 a6 44.c4 Rxd4 45.Rfxe3 Rxe3+ 46.Rxe3 
Kf5 47.Re8 Rd2 48.Rc8 Rxa2 49.Rxc6 Ra3 50.Rb6 a5 51.Kxh4 a4 52.b4 Rc3 53.
c5 a3 54.Ra6 Rc4+ 55.Kg3 Rxb4 56.Rxa3 1/2-1/2

[Event "17th Unive op"]
[Site "Hoogeveen NED"]
[Date "2013.10.26"]
[Round "9.23"]
[White "Wunnink, Michael"]
[Black "Stavast, Dick"]
[Result "1-0"]
[WhiteElo "2244"]
[BlackElo "2088"]
[EventDate "2013.10.18"]
[PlyCount "29"]

1.d4 d6 2.Nf3 f5 3.g3 Nf6 4.Bg2 g6 5.O-O Bg7 6.c4 O-O 7.Nc3 c6 8.Rb1 Qc7 
9.d5 e5 10.dxe6 Bxe6 11.Bf4 Rd8 12.c5 Bf8 13.Ng5 Qd7 14.e4 Na6 15.cxd6 1-0

[Event "17th Unive op"]
[Site "Hoogeveen NED"]
[Date "2013.10.26"]
[Round "9.24"]
[White "Knol, Geon"]
[Black "Kolodkin, Daniil"]
[Result "0-1"]
[WhiteElo "2147"]
[BlackElo "1981"]
[EventDate "2013.10.18"]
[PlyCount "76"]

1.e4 c5 2.Nc3 Nc6 3.g3 g6 4.Bg2 Bg7 5.d3 b6 6.Be3 Bb7 7.Qd2 d6 8.h3 h5 9.
f4 Qd7 10.Nge2 Nd4 11.Nd1 O-O-O 12.a4 f5 13.Bxd4 cxd4 14.a5 e5 15.axb6 
axb6 16.c3 dxc3 17.Ndxc3 h4 18.Na4 Qb5 19.Nec3 Qb4 20.Nd5 Qxd2+ 21.Kxd2 
Bxd5 22.Nxb6+ Kb8 23.Nxd5 hxg3 24.Ra6 Rd7 25.Rha1 Nf6 26.Ra8+ Kb7 27.Rxh8 
Bxh8 28.exf5 Nxd5 29.Bxd5+ Kb6 30.fxg6 exf4 31.h4 Bxb2 32.Rb1 Kc5 33.Rxb2 
Kxd5 34.Rb5+ Ke6 35.Rg5 Rg7 36.h5 Kf6 37.Ra5 g2 38.Ra1 Re7 0-1

[Event "17th Unive op"]
[Site "Hoogeveen NED"]
[Date "2013.10.26"]
[Round "9.25"]
[White "De Jonge, Boris"]
[Black "Klomp, Robert"]
[Result "0-1"]
[WhiteElo "2002"]
[BlackElo "2105"]
[EventDate "2013.10.18"]
[PlyCount "78"]

1.e4 e6 2.d4 d5 3.Nd2 Nf6 4.e5 Nfd7 5.Bd3 c5 6.c3 Nc6 7.Ne2 cxd4 8.cxd4 
Qb6 9.Nf3 f6 10.exf6 Nxf6 11.O-O Bd6 12.Nc3 O-O 13.Be3 Bd7 14.Na4 Qd8 15.
Rc1 e5 16.Rxc6 Bxc6 17.dxe5 Qe8 18.exf6 Bxa4 19.b3 Bd7 20.fxg7 Rf6 21.Bg5 
Rf7 22.Re1 Qc8 23.Bh6 Bf5 24.Bc1 Qd7 25.Bxf5 Qxf5 26.Bb2 Rd8 27.Re2 Re7 
28.Nd4 Qh5 29.Nf3 Bxh2+ 30.Kf1 Bd6 31.Rxe7 Bxe7 32.Qe2 Qf7 33.Ne5 Qf5 34.
g4 Qb1+ 35.Kg2 Qe4+ 36.Qxe4 dxe4 37.g5 Bxg5 38.Ng4 e3 39.Bc3 Rc8 0-1

[Event "17th Unive op"]
[Site "Hoogeveen NED"]
[Date "2013.10.26"]
[Round "9.26"]
[White "Bos, Robin"]
[Black "Schoehuys, Erik"]
[Result "1/2-1/2"]
[WhiteElo "1908"]
[BlackElo "2184"]
[EventDate "2013.10.18"]
[PlyCount "94"]

1.e4 e5 2.Nc3 Nf6 3.f4 d5 4.fxe5 Nxe4 5.Qf3 Nxc3 6.bxc3 Qh4+ 7.g3 Qe4+ 8.
Qxe4 dxe4 9.Bg2 Nc6 10.Bxe4 Nxe5 11.d4 Nc4 12.Bf4 Nd6 13.Bd3 Be6 14.Nf3 
Be7 15.Kf2 O-O 16.Rhe1 Rfe8 17.Ng5 Bxg5 18.Bxg5 Bd5 19.Bf4 Ne4+ 20.Bxe4 
Bxe4 21.Re2 Bd5 22.a3 Rxe2+ 23.Kxe2 Re8+ 24.Kd2 c6 25.Rb1 b5 26.a4 Bc4 27.
Be3 a5 28.Ra1 Ra8 29.Bf4 bxa4 30.Rxa4 Bb5 31.Ra1 f6 32.Bc7 a4 33.c4 Bxc4 
34.Kc3 Bd5 35.Kb4 Ra7 36.Bb6 Ra6 37.Bc7 Be4 38.c4 Ra7 39.Bb6 Ra6 40.Bc7 
Bc2 41.d5 cxd5 42.cxd5 Kf7 43.d6 Ke6 44.Kb5 Bd3+ 45.Kb4 Bc2 46.Kb5 Bd3+ 
47.Kb4 Bc2 1/2-1/2

[Event "17th Unive op"]
[Site "Hoogeveen NED"]
[Date "2013.10.26"]
[Round "9.27"]
[White "Vos, Tjark"]
[Black "Hovenga, Alje"]
[Result "1/2-1/2"]
[WhiteElo "2097"]
[BlackElo "2177"]
[EventDate "2013.10.18"]
[PlyCount "93"]

1.e4 Nc6 2.Nf3 d6 3.d4 Nf6 4.Nc3 g6 5.h3 Bg7 6.Be3 O-O 7.Be2 a6 8.a4 b6 9.
O-O Bb7 10.Re1 e6 11.Bf4 Nb4 12.Bf1 Qe7 13.Qd2 c5 14.dxc5 dxc5 15.Bd6 Qd8 
16.Bxf8 Qxd2 17.Nxd2 Kxf8 18.Bd3 Rd8 19.Nc4 Nxd3 20.cxd3 Nd7 21.Red1 Ke7 
22.Kf1 Rb8 23.Ra2 Bc6 24.f3 h5 25.h4 Bf6 26.g3 Ne5 27.Nxe5 Bxe5 28.Ne2 Rd8
29.b3 a5 30.Rc2 Bd4 31.Nxd4 Rxd4 32.Rc4 Rd8 33.Ke2 e5 34.Ke3 Bd7 35.f4 f6 
36.Rf1 Be6 37.Rc3 Rd4 38.fxe5 fxe5 39.Kd2 Rb4 40.Kc2 Rd4 41.Rf2 Rd8 42.Kb2
Rd4 43.Rf3 Bg4 44.Re3 Rd8 45.Rc2 Rf8 46.Kc3 Be6 47.Re1 1/2-1/2

[Event "17th Unive op"]
[Site "Hoogeveen NED"]
[Date "2013.10.26"]
[Round "9.28"]
[White "Krasenkova, Ilena"]
[Black "Ritsema, Ronald JE"]
[Result "1-0"]
[WhiteElo "2133"]
[BlackElo "2012"]
[EventDate "2013.10.18"]
[PlyCount "41"]

1.d4 e6 2.c4 d5 3.Nf3 Nf6 4.g3 b6 5.cxd5 exd5 6.Nc3 Be7 7.Bg2 O-O 8.O-O 
Bb7 9.Qb3 a6 10.Bf4 c6 11.Rad1 Nbd7 12.Ne5 Re8 13.e4 Nf8 14.Rfe1 Ne6 15.
Be3 Bf8 16.f4 dxe4 17.f5 Nd5 18.fxe6 f5 19.Nxd5 cxd5 20.Rf1 Qf6 21.e7 1-0

[Event "17th Unive op"]
[Site "Hoogeveen NED"]
[Date "2013.10.26"]
[Round "9.29"]
[White "Sadallah, Osama"]
[Black "Hoffman, Ron"]
[Result "1-0"]
[WhiteElo "2114"]
[BlackElo "2055"]
[EventDate "2013.10.18"]
[PlyCount "101"]

1.d4 g6 2.c4 Nf6 3.Nc3 Bg7 4.Nf3 O-O 5.Bf4 d6 6.e3 b6 7.h3 Bb7 8.Be2 Nbd7 
9.O-O Ne4 10.Nxe4 Bxe4 11.b4 a5 12.b5 h6 13.Bh2 e5 14.a4 Qe7 15.Nd2 Bb7 
16.Nb3 Rfe8 17.Bf3 Bxf3 18.Qxf3 exd4 19.exd4 Qe4 20.Qd1 Qe2 21.Rc1 Qa2 22.
Ra1 Qe2 23.Rc1 Qa2 24.Ra1 Qe2 25.Qc1 Re4 26.Re1 Qd3 27.Rxe4 Qxe4 28.Qd2 
Re8 29.Rc1 Qe2 30.Bf4 Qxd2 31.Bxd2 Bf8 32.Be3 Re4 33.g3 h5 34.Kg2 f5 35.
Nd2 Re8 36.Nb1 Be7 37.Nc3 Bd8 38.h4 Kf7 39.Kf3 Nf8 40.c5 dxc5 41.dxc5 Nd7 
42.c6 Ne5+ 43.Kg2 Be7 44.Nd5 Bd6 45.Rd1 Nc4 46.Bg5 Re2 47.Ne3 Nd2 48.Nxf5 
Ne4 49.Nxd6+ cxd6 50.Kf3 Nc3 51.Rc1 1-0

[Event "17th Unive op"]
[Site "Hoogeveen NED"]
[Date "2013.10.26"]
[Round "9.30"]
[White "Hendriks, Richard V"]
[Black "Cebula, Jerzy"]
[Result "1-0"]
[WhiteElo "2104"]
[BlackElo "2001"]
[EventDate "2013.10.18"]
[PlyCount "81"]

1.Nc3 Nf6 2.Nf3 Nc6 3.d4 d5 4.Bf4 a6 5.Ne5 Bf5 6.e3 e6 7.g4 Bg6 8.h4 h5 9.
Nxg6 fxg6 10.g5 Ng8 11.Bh3 Qd7 12.Qe2 Bb4 13.a3 Bxc3+ 14.bxc3 Nge7 15.Bg3 
O-O 16.c4 Nf5 17.O-O Rae8 18.c3 Na5 19.e4 Nxg3 20.fxg3 Rxf1+ 21.Rxf1 Nxc4 
22.g4 hxg4 23.Bxg4 Qe7 24.Kh1 Nd6 25.e5 Nf5 26.Bxf5 gxf5 27.Qh5 g6 28.
Qxg6+ Kf8 29.h5 Qxa3 30.Qf6+ Kg8 31.Qg6+ Kf8 32.Qf6+ Kg8 33.h6 Qf8 34.Qg6+
Kh8 35.Qh5 Re7 36.g6 Qe8 37.Rg1 Kg8 38.Qg5 Qf8 39.g7 Qf7 40.h7+ Kxh7 41.
g8=Q+ 1-0

[Event "17th Unive op"]
[Site "Hoogeveen NED"]
[Date "2013.10.26"]
[Round "9.31"]
[White "Henseler, Jorgen"]
[Black "Dijkhuis, Sven"]
[Result "1/2-1/2"]
[WhiteElo "2088"]
[BlackElo "1921"]
[EventDate "2013.10.18"]
[PlyCount "66"]

1.e4 c5 2.Nf3 e6 3.d4 cxd4 4.Nxd4 Nf6 5.Nc3 d6 6.g4 h6 7.h4 Nc6 8.Rg1 d5 
9.exd5 Nxd5 10.Nxd5 Qxd5 11.Bg2 Qe5+ 12.Be3 Qh2 13.Nf3 Qc7 14.Qe2 Be7 15.
O-O-O e5 16.g5 Be6 17.Kb1 Rc8 18.Bd2 a6 19.Bc3 f6 20.gxf6 gxf6 21.Nd2 b5 
22.Bxc6+ Qxc6 23.Ne4 h5 24.Nxf6+ Bxf6 25.Bxe5 Kf7 26.Bxf6 Kxf6 27.Qd2 Qc5 
28.Qf4+ Qf5 29.Qd4+ Ke7 30.Qg7+ Qf7 31.Qe5 Qf5 32.Qg7+ Qf7 33.Qe5 Qf5 
1/2-1/2

[Event "17th Unive op"]
[Site "Hoogeveen NED"]
[Date "2013.10.26"]
[Round "9.32"]
[White "Buckels, Valentin"]
[Black "Hummel, Paul"]
[Result "1-0"]
[WhiteElo "2058"]
[BlackElo "2023"]
[EventDate "2013.10.18"]
[PlyCount "101"]

1.d4 Nf6 2.c4 e6 3.Nf3 c5 4.d5 exd5 5.cxd5 d6 6.Nc3 g6 7.g3 Bg7 8.Bg2 O-O 
9.O-O a6 10.a4 Nbd7 11.Nd2 Re8 12.h3 Qc7 13.a5 b5 14.axb6 Nxb6 15.Nb3 Bd7 
16.Na5 Bb5 17.Re1 Rab8 18.Nc6 Bxc6 19.dxc6 Ra8 20.Bf4 Nc4 21.Qb3 Ne5 22.
Qb7 Rec8 23.Bxe5 dxe5 24.Rxa6 Rxa6 25.Qxa6 e4 26.Nxe4 Nxe4 27.Bxe4 Re8 28.
Bf3 Bd4 29.Kg2 Bxb2 30.Rb1 Rb8 31.Qa2 Be5 32.Rd1 Rd8 33.Rxd8+ Qxd8 34.Bd5 
Qc7 35.Qc4 Bd6 36.e4 Kg7 37.f4 f6 38.h4 h6 39.Qc3 Qb8 40.Qa1 h5 41.Qc3 Qb5
42.Kf2 Qb4 43.Qxb4 cxb4 44.Ke3 g5 45.hxg5 fxg5 46.e5 Bc7 47.Kd4 h4 48.e6 
Kf8 49.fxg5 hxg3 50.g6 Bb6+ 51.Kc4 1-0

[Event "17th Unive op"]
[Site "Hoogeveen NED"]
[Date "2013.10.26"]
[Round "9.35"]
[White "Potze, Rudolf"]
[Black "Van Wageningen, Arie"]
[Result "1-0"]
[WhiteElo "2112"]
[BlackElo "2036"]
[EventDate "2013.10.18"]
[PlyCount "89"]

1.e4 e6 2.d4 d5 3.e5 c5 4.c3 Bd7 5.Nf3 Nc6 6.a3 Qb6 7.b4 cxd4 8.cxd4 Rc8 
9.Be3 a5 10.b5 Na7 11.a4 Bb4+ 12.Bd2 Bxd2+ 13.Qxd2 Qc7 14.Kd1 Nh6 15.Ra3 
O-O 16.Bd3 f6 17.Rc3 Qb6 18.Re1 Rxc3 19.Nxc3 Nc8 20.h3 fxe5 21.Nxe5 Be8 
22.g4 Kh8 23.Qe3 Qd6 24.Kd2 Nb6 25.f4 Qb4 26.Rb1 Qa3 27.Bc2 Nf7 28.Qd3 g6 
29.Nxg6+ Kg7 30.Nxf8 Kxf8 31.Nd1 Qd6 32.Ke3 Nc4+ 33.Kf3 Na3 34.Rb3 Nxc2 
35.Qxc2 Kg7 36.h4 Qd8 37.Kg3 Qf6 38.Rd3 Qd8 39.Rc3 Nd6 40.Rc7+ Bf7 41.Nf2 
h5 42.g5 Nf5+ 43.Kh3 Qd6 44.Nd3 Qa3 45.g6 1-0